Παράγοντες του 360 σε 1 λεπτό - Statistics

General Stats
  • This quiz has been taken 33 times
  • The average score is 14 of 24
Answer Stats
Απάντηση % Correct
1
96%
2
96%
3
96%
6
92%
36
88%
4
84%
18
76%
12
72%
5
72%
9
72%
10
60%
180
60%
360
60%
90
52%
120
48%
15
44%
8
44%
20
36%
60
36%
30
28%
40
28%
72
24%
24
20%
45
16%
No matching quizzes found
Score Distribution
Percent of People with Each Score
Percentile by Number Answered
Your Score History
You have not taken this quiz